| 000 | 00541cam a2200193ua 4500 | ||
|---|---|---|---|
| 001 | 566 | ||
| 005 | 20260515113204.0 | ||
| 008 | 110409n ii |||gr||||Z||||||eng | ||
| 040 | _cMAIN | ||
| 082 | _a327 | ||
| 245 |
_aIndia`s policy of recognition of states and governments. _cBy K. P. Misra. |
||
| 250 | _a1st. | ||
| 260 |
_aNew Delhi.: _bAllied publishers.,966. |
||
| 300 | _axvi, 214 p.:6 cm. | ||
| 653 | _aPolitical science. | ||
| 653 | _aIndias policy of recognition of states and governments. | ||
| 700 | _aMisra, K P., | ||
| 942 | _cBK | ||
| 999 |
_c502 _d502 |
||